Thermodynamics (Record no. 318363)
[ view plain ]
| 000 -LEADER | |
|---|---|
| fixed length control field | 00416nam a2200157Ia 4500 |
| 008 - FIXED-LENGTH DATA ELEMENTS--GENERAL INFORMATION | |
| fixed length control field | 230718s9999 xx 000 0 und d |
| 041 ## - LANGUAGE CODE | |
| Language code of text/sound track or separate title | eng |
| 082 ## - DEWEY DECIMAL CLASSIFICATION NUMBER | |
| Classification number | 621.402'1 |
| Item number | BAL |
| 100 ## - MAIN ENTRY--PERSONAL NAME | |
| Personal name | Balmer R. |
| 9 (RLIN) | 164628 |
| 245 ## - TITLE STATEMENT | |
| Title | Thermodynamics |
| Remainder of title | Theory And Applications |
| 260 ## - PUBLICATION, DISTRIBUTION, ETC. (IMPRINT) | |
| Name of publisher, distributor, etc. | Jaico Publishing House |
| 300 ## - PHYSICAL DESCRIPTION | |
| Extent | 849 |
| 365 ## - TRADE PRICE | |
| Currency code | Rs. |
| Price amount | 425.00 |
| 700 ## - ADDED ENTRY--PERSONAL NAME | |
| Personal name | Balmer R. |
| 9 (RLIN) | 164628 |
| 906 ## - LOCAL DATA ELEMENT F, LDF (RLIN) | |
| d | B:321021-Jan-2008 |
| c | MECH |
| b | 85 |
| Withdrawn status | Lost status | Damaged status | Not for loan | Home library | Current library | Date acquired | Vendor | Budget Code | Cost, normal purchase price | Bill number | Total Checkouts | Full call number | Barcode | Date last seen | Date last checked out | Discount | Cost, replacement price | Bill Date | Koha item type | Original Barcode |
|---|---|---|---|---|---|---|---|---|---|---|---|---|---|---|---|---|---|---|---|---|
| Cummins College of Engineering for Women Pune | Cummins College of Engineering for Women Pune | 13/02/2008 | Tbs | MECH | 340.00 | 3210 | 1 | 621.402'1 | CCEP-BK-29570 | 03/09/2024 | 20/08/2024 | 85 | 425.00 | 21/01/2008 | Books | 029570 |